[Event "11th European Senior"]
[Site "Courmayeur ITA"]
[Date "2011.04.11"]
[Round "6.6"]
[White "Mishuchkov, Nikolai M."]
[Black "Plachetka, Jan"]
[Result "1/2-1/2"]
[WhiteTitle "FM"]
[BlackTitle "GM"]
[WhiteElo "2408"]
[BlackElo "2355"]
[WhiteFideId "4102401"]
[BlackFideId "14900068"]
[EventDate "2011.04.06"]

1. d4 Nf6 2. Nf3 g6 3. g3 Bg7 4. Bg2 O-O 5. O-O d6 6. a4 a5 7. Nc3 Nbd7 8. Qd3
e5 9. dxe5 dxe5 10. Rd1 Re8 11. e4 Qe7 12. Bg5 c6 13. Qd6 Qxd6 14. Rxd6 h6 15.
Bxf6 Nxf6 16. Rad1 Be6 17. Nxe5 Nxe4 18. Nxe4 Bxe5 19. R6d2 Bf5 20. b3 Bxe4 21.
Bxe4 Bxg3 22. hxg3 Rxe4 23. Rd7 b5 24. R1d6 bxa4 25. bxa4 Rc4 26. Rf6 Rf8 27.
Rc7 Rxc2 28. Rfxc6 Ra2 29. Ra6 Rxa4 30. Rca7 h5 31. Rxa5 Rxa5 32. Rxa5 Kg7 33.
Kg2 Rb8 34. Rc5 Rb4 35. Ra5 h4 36. Kh3 hxg3 37. Kxg3 Kh6 38. Ra7 f6 39. f4 Rb3+
40. Kh4 f5 41. Rc7 Rf3 42. Rc4 Kg7 43. Ra4 Rd3 44. Ra7+ Kf6 45. Ra6+ Kf7 46. Rb6
Rf3 47. Rb4 Ke6 48. Ra4 Rd3 49. Ra5 Rf3 50. Ra4 Re3 51. Ra5 Rd3 52. Rb5 Rf3 1/2-1/2

[Event "11th European Senior"]
[Site "Courmayeur ITA"]
[Date "2011.04.11"]
[Round "6.7"]
[White "Timoscenko, Gennadij"]
[Black "Estrada Martinez, Cesar"]
[Result "1-0"]
[WhiteTitle "GM"]
[WhiteElo "2502"]
[BlackElo "2193"]
[WhiteFideId "14901536"]
[BlackFideId "2210649"]
[EventDate "2011.04.06"]

1. d4 d5 2. c4 c6 3. Nf3 g6 4. Nc3 Bg7 5. Bf4 Nf6 6. e3 O-O 7. h3 Bf5 8. Be2
Nbd7 9. O-O Qb6 10. Qb3 dxc4 11. Bxc4 Qxb3 12. Bxb3 Ne4 13. Rac1 Rac8 14. Rfd1
h5 15. Nd2 Ndf6 16. Ndxe4 Nxe4 17. Na4 g5 18. Bh2 g4 19. hxg4 hxg4 20. f3 gxf3
21. gxf3 Ng5 22. Kf2 Be6 23. Nc5 Bxb3 24. axb3 b6 25. Nd3 Ne6 26. b4 Rfd8 27.
Rc4 Rd5 28. Ra1 a5 29. bxa5 bxa5 30. Rca4 Ra8 31. R1a2 Rb5 32. b4 Bf6 33. Rxa5
Rc8 34. Ra6 Bh4+ 35. Kf1 Ng5 36. Rg2 Kf8 37. Ke2 Rf5 38. Ne5 Rb8 39. Nd7+ 1-0

[Event "11th European Senior"]
[Site "Courmayeur ITA"]
[Date "2011.04.11"]
[Round "6.8"]
[White "Serra Olives, Tomas"]
[Black "Chernikov, Oleg L"]
[Result "0-1"]
[WhiteTitle "FM"]
[BlackTitle "GM"]
[WhiteElo "2208"]
[BlackElo "2438"]
[WhiteFideId "2203774"]
[BlackFideId "4103289"]
[EventDate "2011.04.06"]

1. e4 c5 2. Nf3 Nc6 3. d4 cxd4 4. Nxd4 Nf6 5. Nc3 d6 6. Bg5 g6 7. Bxf6 exf6 8.
Qd2 Bg7 9. Ndb5 O-O 10. O-O-O f5 11. Nxd6 fxe4 12. Ndxe4 Qb6 13. Bc4 Na5 14. Bd5
Bd7 15. Qe3 Qc7 16. Qc5 Rac8 17. Qxc7 Rxc7 18. Nd6 Bc6 19. Rhe1 a6 20. Rd3 b5
21. Bxc6 Rxc6 22. Ne8 Bh6+ 23. Kb1 Re6 24. Rxe6 fxe6 25. Nc7 Rxf2 26. a4 Rxg2
27. axb5 axb5 28. Rd7 Rd2 29. Rxd2 Bxd2 30. Nxe6 Bxc3 31. bxc3 Nc6 32. Kb2 h5
33. c4 bxc4 34. Kc3 Kf7 35. Nf4 Ne5 36. h4 Kf6 37. Ng2 Kf5 38. Kd4 Nf3+ 39. Ke3
Kg4 40. Ke4 c3 41. Ne3+ Kg3 42. Nd5 Nxh4 43. Nxc3 Ng2 44. Ne2+ Kf2 45. Nd4 h4
46. c4 Ne1 0-1

[Event "11th European Senior"]
[Site "Courmayeur ITA"]
[Date "2011.04.11"]
[Round "6.10"]
[White "Rooze, Jan"]
[Black "Hohler, Peter"]
[Result "1/2-1/2"]
[WhiteTitle "FM"]
[BlackTitle "FM"]
[WhiteElo "2315"]
[BlackElo "2144"]
[WhiteFideId "200050"]
[BlackFideId "1300296"]
[EventDate "2011.04.06"]

1. e4 e5 2. Nf3 Nc6 3. Bb5 a6 4. Ba4 Nf6 5. O-O Be7 6. Re1 b5 7. Bb3 d6 8. c3
O-O 9. h3 Nd7 10. d4 Bf6 11. a4 Bb7 12. Na3 exd4 13. cxd4 Re8 14. axb5 axb5 15.
Bf4 Na5 16. Bc2 b4 17. Nb5 Bc6 18. Qd3 b3 19. Bb1 Qb8 20. Nc3 Nf8 21. Bd2 Nb7
22. Rxa8 Qxa8 23. Nb5 Qb8 24. Qxb3 Nd8 25. Bd3 Nde6 26. Qb4 d5 27. e5 Be7 28.
Qa5 Qb7 29. Ra1 Rb8 30. Nc3 Nd7 31. Qa6 Qxa6 32. Rxa6 Bb7 33. Ra7 Nb6 34. Nb5
Nc8 35. Ra5 c5 36. Bc3 Bd8 37. Ra1 Bc6 38. Nd6 cxd4 39. Nxd4 Bd7 40. Be2 Bb6 41.
N6f5 Bc7 42. Bf3 Bxe5 43. Bxd5 Nxd4 44. Nxd4 Bd6 45. Nc6 Rb5 46. Bf3 h6 47. Ra8
Kh7 48. Be4+ f5 49. Bf3 Rb6 50. Nd4 Bb4 51. g4 Bxc3 52. bxc3 Rb1+ 53. Kg2 Rc1
54. Ne2 Re1 55. gxf5 Bxf5 56. Nd4 Bd7 57. Rb8 Re5 58. Rb7 Re7 59. c4 Nd6 60. Rb4
Re5 61. Bd5 Rg5+ 62. Kh2 Rh5 63. Rb6 Nc8 64. Be4+ Kg8 65. Rb3 Kf8 66. Rf3+ Ke7
67. Bg6 Rc5 68. Rf7+ Kd6 69. Rxg7 Rxc4 70. Nf3 Rc3 71. Be4 Ne7 72. Rh7 Ng8 73.
Rf7 Be6 74. Rf4 Ke7 75. Ne5 Rxh3+ 76. Kg2 Rh5 1/2-1/2

[Event "11th European Senior"]
[Site "Courmayeur ITA"]
[Date "2011.04.11"]
[Round "6.12"]
[White "Nickl, Klaus"]
[Black "Vikulov, Alexander"]
[Result "0-1"]
[BlackTitle "FM"]
[WhiteElo "2140"]
[BlackElo "2316"]
[WhiteFideId "1601024"]
[BlackFideId "4121937"]
[EventDate "2011.04.06"]

1. d4 g6 2. Nf3 Bg7 3. e3 d6 4. Be2 Nf6 5. O-O Nbd7 6. c4 b6 7. Nc3 Bb7 8. Qc2
O-O 9. b4 c5 10. bxc5 dxc5 11. Rd1 Qc7 12. Bb2 cxd4 13. exd4 Rac8 14. Nb5 Qb8
15. Qb3 Ne4 16. a4 Ba8 17. Rab1 Rfe8 18. Qe3 Nd6 19. Rbc1 Nf5 20. Qd2 Bh6 21.
Qc3 Bxc1 22. Rxc1 f6 23. Qd2 a6 24. Nc3 Kg7 25. d5 Nc5 26. Re1 Nb3 27. Qd1 Na5
28. Nd4 Nxc4 29. Nxf5+ gxf5 30. Bc1 Ne5 31. Qd2 f4 32. Ne4 Nc4 33. Qd4 Qe5 34.
Qxe5 fxe5 35. Bg4 Rcd8 36. Bh5 Rg8 37. a5 b5 38. Nc5 Bxd5 39. Nxa6 Kf6 40. g3
Bf7 41. Be2 Ra8 42. Nb4 Rxa5 43. Nc6 Ra2 44. Bxc4 Bxc4 45. Nxe5 fxg3 46. hxg3
Re2 47. Rxe2 Bxe2 48. Bb2 Ke6 49. Nc6 Bd3 50. Ne5 Bc4 51. Kg2 Ra8 52. Nc6 0-1

[Event "11th European Senior"]
[Site "Courmayeur ITA"]
[Date "2011.04.11"]
[Round "6.13"]
[White "Colombo, Paolo"]
[Black "Peretz, Malkiel"]
[Result "0-1"]
[BlackTitle "FM"]
[WhiteElo "2130"]
[BlackElo "2255"]
[WhiteFideId "802379"]
[BlackFideId "2800446"]
[EventDate "2011.04.06"]

1. Nf3 c5 2. d3 Nc6 3. e4 g6 4. c3 Nf6 5. Be2 Bg7 6. O-O O-O 7. Nbd2 d5 8. Re1
e5 9. Qc2 b6 10. Nf1 Bb7 11. Ng3 Rc8 12. Bg5 h6 13. Bd2 Qd6 14. Rad1 Rfd8 15.
Qa4 a6 16. Bf1 b5 17. Qc2 d4 18. c4 Nb4 19. Qb3 bxc4 20. Qxc4 a5 21. Bxb4 axb4
22. Nd2 Ba6 23. Qb3 Bb5 24. a4 Ba6 25. Be2 h5 26. Ngf1 Nd7 27. Ra1 Ra8 28. Qc2
Nb8 29. b3 Nc6 30. Nc4 Bxc4 31. Qxc4 Na5 32. Qc2 Bh6 33. Bd1 Rdc8 34. Nd2 Qe6
35. Rb1 Qf6 36. Re2 Bxd2 37. Rxd2 Nb7 38. Qc1 Nd8 39. Rc2 Ne6 40. g3 Kg7 41. h4
Rh8 42. Kg2 Rac8 43. Be2 Qe7 44. Qd2 Rc6 45. Rbc1 f6 46. Rc4 Rhc8 47. Kf1 Nd8
48. R4c2 Nb7 49. Rb2 Na5 50. Kg2 Qe6 51. Rcb1 R6c7 52. Kh2 f5 53. Bf1 Rf8 54.
Bh3 Qf6 55. exf5 gxf5 56. Qe2 Kg6 57. f4 Re7 58. Re1 Rfe8 59. Qf3 e4 60. dxe4
Rxe4 61. Rxe4 Rxe4 62. Rc2 c4 63. bxc4 b3 64. Re2 Rxe2+ 65. Qxe2 d3 66. Qe8+ Kh6
67. Bf1 d2 68. Be2 b2 69. Qxh5+ Kg7 70. Bd3 Nxc4 71. Bxf5 d1=Q 72. Qxd1 Qxf5 73.
Qd4+ Qf6 74. Qd7+ Kh6 0-1

[Event "11th European Senior"]
[Site "Courmayeur ITA"]
[Date "2011.04.11"]
[Round "6.14"]
[White "Khmiadashvili, Tamar"]
[Black "Laco, Giuseppe"]
[Result "1-0"]
[WhiteTitle "WGM"]
[WhiteElo "2194"]
[BlackElo "2128"]
[WhiteFideId "13600346"]
[BlackFideId "800880"]
[EventDate "2011.04.06"]

1. e4 c5 2. Nf3 e6 3. a4 Nc6 4. Bb5 Qc7 5. Bxc6 dxc6 6. Qe2 e5 7. d3 f6 8. O-O
Be6 9. Be3 Bd6 10. Na3 g5 11. Nd2 h5 12. Nac4 Be7 13. a5 Rb8 14. b4 cxb4 15.
Bxa7 Ra8 16. Bb6 Qd7 17. Nb3 Bxc4 18. dxc4 g4 19. Rfd1 Qc8 20. Rd3 Nh6 21. Rad1
Nf7 22. R1d2 Ng5 23. Nc5 Bxc5 24. Bxc5 Ne6 25. Bb6 Nf4 26. Qd1 Nxd3 27. Rxd3 Kf7
28. Rd7+ Kg6 29. g3 Qg8 30. f4 gxf3 31. Qxf3 Qe6 32. Rxb7 Qg4 33. Kf2 Qxf3+ 34.
Kxf3 Rh7 35. Rxh7 Kxh7 36. g4 Kg6 37. h4 hxg4+ 38. Kxg4 Kf7 39. h5 Rg8+ 40. Kf3
Rg5 41. h6 Rg8 42. a6 Ra8 43. a7 Kg6 44. Kg4 Kxh6 45. Kf5 Kg7 46. Ke6 Kg6 47.
Kd6 f5 48. Kxc6 1-0

[Event "11th European Senior"]
[Site "Courmayeur ITA"]
[Date "2011.04.11"]
[Round "6.15"]
[White "Sinelnikov, Igor"]
[Black "Antonelli, Fabrizio"]
[Result "1-0"]
[WhiteElo "2190"]
[BlackElo "2100"]
[WhiteFideId "4145356"]
[BlackFideId "815101"]
[EventDate "2011.04.06"]

1. e4 c5 2. g3 Nc6 3. Bg2 g6 4. Ne2 Bg7 5. O-O Nf6 6. c3 O-O 7. d4 d6 8. Nd2 Rb8
9. Nc4 e5 10. d5 Ne7 11. a4 Ng4 12. f4 f5 13. h3 Nf6 14. fxe5 dxe5 15. d6 Nc6
16. exf5 Bxf5 17. Bxc6 bxc6 18. Nxe5 Qc8 19. g4 Be6 20. Nf4 Nd7 21. Nxd7 Qxd7
22. Be3 Rxb2 23. Bxc5 Bxc3 24. Nxe6 Rxf1+ 25. Qxf1 Qxe6 26. d7 Rb8 27. Rd1 Rd8
28. Qd3 Ba5 29. Bxa7 Bc7 30. Bf2 g5 31. Qe3 Qxe3 32. Bxe3 h6 33. h4 Bf4 34. Bb6 1-0

[Event "11th European Senior"]
[Site "Courmayeur ITA"]
[Date "2011.04.11"]
[Round "6.16"]
[White "Jackson, Oliver A"]
[Black "Bayer, Wolfgang"]
[Result "1-0"]
[WhiteElo "2186"]
[BlackElo "2073"]
[WhiteFideId "403156"]
[BlackFideId "24629251"]
[EventDate "2011.04.06"]

1. e4 c5 2. Nc3 Nc6 3. f4 g6 4. Nf3 Bg7 5. Bb5 Nd4 6. O-O e6 7. Nxd4 cxd4 8. Ne2
Qb6 9. Bd3 Ne7 10. a4 a5 11. Kh1 d6 12. Bb5+ Bd7 13. Bxd7+ Kxd7 14. d3 f5 15. c3
Nc6 16. cxd4 Rhf8 17. d5 exd5 18. Nc3 Nb4 19. Nxd5 Nxd5 20. exd5 Bd4 21. Bd2
Rac8 22. Rb1 Rc5 23. Qf3 Qb3 24. Rfe1 Qxd5 25. Qe2 Rd8 26. b4 axb4 27. Bxb4 Rc6
28. Ba5 Qxa5 29. Qe7+ 1-0

[Event "11th European Senior"]
[Site "Courmayeur ITA"]
[Date "2011.04.11"]
[Round "6.17"]
[White "Weisenburger, Horst"]
[Black "Gardi, Giuseppe"]
[Result "1-0"]
[WhiteElo "2179"]
[BlackElo "2061"]
[WhiteFideId "4654536"]
[BlackFideId "811211"]
[EventDate "2011.04.06"]

1. f4 Nf6 2. Nf3 g6 3. g3 Bg7 4. Bg2 O-O 5. O-O c5 6. d3 d5 7. Qe1 Nc6 8. h3 Bf5
9. g4 Be6 10. c3 Qb6 11. Qh4 c4+ 12. d4 Ne4 13. f5 gxf5 14. gxf5 Bxf5 15. Ng5
Bg6 16. Nxe4 dxe4 17. Nd2 f5 18. Nxc4 Qb5 19. b3 Nxd4 20. cxd4 Bxd4+ 21. Be3
Bxa1 22. Rxa1 Qb4 23. Qf2 Rfe8 24. h4 e5 25. h5 Bxh5 26. Qxf5 Bg6 27. Qf6 b5 28.
Bh6 Qe7 29. Qxe7 Rxe7 30. Nd6 b4 31. Nxe4 Re6 32. Ng5 Ree8 33. Bd5+ Kh8 34. Bxa8
Rxa8 35. Rc1 a5 36. Kf2 Re8 37. e4 Kg8 38. Rc7 Ra8 39. Rg7+ Kh8 40. Ke3 a4 41.
Rb7 axb3 42. axb3 Rc8 43. Rxb4 Kg8 44. Rb7 Rc3+ 45. Kd2 Rc8 46. b4 Rd8+ 47. Ke3
Rc8 48. b5 Be8 49. b6 Bb5 50. Rg7+ 1-0

[Event "11th European Senior"]
[Site "Courmayeur ITA"]
[Date "2011.04.11"]
[Round "6.18"]
[White "Theting, Helge E."]
[Black "Zhelesny, Stanislav"]
[Result "1/2-1/2"]
[BlackTitle "FM"]
[WhiteElo "2016"]
[BlackElo "2172"]
[WhiteFideId "1501275"]
[BlackFideId "4115244"]
[EventDate "2011.04.06"]

1. Nf3 Nf6 2. g3 g6 3. Bg2 Bg7 4. O-O O-O 5. d3 d5 6. Nbd2 c6 7. e4 dxe4 8. dxe4
Qc7 9. Qe2 Bg4 10. h3 Bxf3 1/2-1/2

[Event "11th European Senior"]
[Site "Courmayeur ITA"]
[Date "2011.04.11"]
[Round "6.20"]
[White "Thieme, Hans"]
[Black "Van Oosten, Arend"]
[Result "0-1"]
[WhiteElo "2101"]
[BlackElo "2170"]
[WhiteFideId "24612561"]
[BlackFideId "1006053"]
[EventDate "2011.04.06"]

1. Nf3 f5 2. e4 fxe4 3. Ng5 Nf6 4. d3 d5 5. dxe4 h6 6. Nf3 dxe4 7. Qxd8+ Kxd8 8.
Ne5 Be6 9. g3 Nbd7 10. Nxd7 Bxd7 11. Bg2 e5 12. O-O c6 13. Re1 Bf5 14. Be3 Ng4
15. Nd2 Nxe3 16. fxe3 Kc7 17. Bxe4 Be6 18. Nf3 Bd6 19. Rad1 Rhf8 20. Kg2 g5 21.
h4 g4 22. Nd2 Bc5 23. Re2 Rad8 24. a3 a5 25. Bd3 Bd5+ 26. e4 Be6 27. Rf1 b5 28.
Ree1 Bd4 29. b3 Kb6 30. Rxf8 Rxf8 31. Rf1 Rxf1 32. Kxf1 Bb2 33. Nb1 a4 34. b4
Ba2 35. c3 Bxb1 36. Bxb1 Bxc3 37. Ba2 Bb2 38. Be6 Bxa3 39. Bxg4 Bxb4 40. Ke2 a3
41. Be6 c5 42. Ba2 c4 43. g4 Be7 0-1

[Event "11th European Senior"]
[Site "Courmayeur ITA"]
[Date "2011.04.11"]
[Round "6.21"]
[White "D Aulisa, Francesco"]
[Black "Barlocco, Carlo"]
[Result "0-1"]
[BlackTitle "FM"]
[WhiteElo "1768"]
[BlackElo "2162"]
[WhiteFideId "821390"]
[BlackFideId "802450"]
[EventDate "2011.04.06"]

1. e4 c5 2. f4 d5 3. Bb5+ Nc6 4. Nc3 dxe4 5. Nxe4 Nf6 6. Nxf6+ gxf6 7. Nf3 Bg7
8. d4 Qa5+ 9. c3 Qxb5 10. d5 Nb8 11. a4 Qc4 12. Kf2 Bf5 13. Re1 Na6 14. d6 O-O-O
15. Rxe7 Bf8 16. b3 Qxc3 17. Qd5 Qc2+ 18. Re2 Qd3 19. Qxf7 Bxd6 20. Qxf6 Rhf8
21. Qg7 Rg8 22. Qb2 Nb4 23. Rd2 Bxf4 0-1

[Event "11th European Senior"]
[Site "Courmayeur ITA"]
[Date "2011.04.11"]
[Round "6.22"]
[White "Chireykina, Natalia"]
[Black "Bondick, Karl-Heinz"]
[Result "0-1"]
[WhiteElo "1831"]
[BlackElo "2155"]
[WhiteFideId "24132136"]
[BlackFideId "4692071"]
[EventDate "2011.04.06"]

1. e4 e5 2. Nf3 Qe7 3. Nc3 c6 4. Bc4 d6 5. a4 Bg4 6. h3 Bh5 7. O-O Nd7 8. g4 Bg6
9. d4 h5 10. g5 h4 11. Be3 Bh5 12. Be2 f6 13. Qd2 Bxf3 14. Bxf3 exd4 15. gxf6
Qxf6 16. Bxd4 Qxf3 17. Qg5 Ne7 18. Ra3 Rh5 19. Qd2 Qxh3 20. Qf4 Ng6 21. Qh2 Rg5+ 0-1

[Event "11th European Senior"]
[Site "Courmayeur ITA"]
[Date "2011.04.11"]
[Round "6.23"]
[White "Fatalibekova, Elena"]
[Black "Gousseinov, Aguif"]
[Result "1-0"]
[WhiteTitle "WGM"]
[WhiteElo "2282"]
[BlackElo "1979"]
[WhiteFideId "4106792"]
[BlackFideId "612480"]
[EventDate "2011.04.06"]

1. d4 Nf6 2. Nf3 e6 3. e3 b6 4. Bd3 Bb7 5. O-O Be7 6. c4 O-O 7. Nc3 d5 8. cxd5
exd5 9. Ne5 Ne4 10. Qc2 f6 11. Bxe4 fxe5 12. Bxh7+ Kh8 13. dxe5 Nd7 14. f4 Nc5
15. Ne2 Ne4 16. Bf5 Rf7 17. b4 Bf6 18. Nd4 Bc8 19. Bb2 Bxf5 20. Nxf5 1-0

[Event "11th European Senior"]
[Site "Courmayeur ITA"]
[Date "2011.04.11"]
[Round "6.25"]
[White "Miednikova, Swietlana"]
[Black "Levinsky, Gregory"]
[Result "1-0"]
[WhiteTitle "WFM"]
[WhiteElo "2169"]
[BlackElo "2026"]
[WhiteFideId "4109961"]
[BlackFideId "2805561"]
[EventDate "2011.04.06"]

1. e4 e5 2. Nf3 Nc6 3. Bb5 a6 4. Ba4 d6 5. c4 g6 6. d4 exd4 7. Bg5 f6 8. Bh4 Bg7
9. Nxd4 Ne7 10. Nc3 O-O 11. Nxc6 bxc6 12. O-O Bd7 13. Qd2 Qe8 14. Rad1 c5 15.
Bxd7 Qxd7 16. f3 Rac8 17. Bf2 Qe6 18. b3 Kh8 19. Rfe1 h5 20. Re2 Kh7 21. Nd5 Nc6
22. Nf4 Qe8 23. Qd5 Rf7 24. Nxg6 f5 25. Nf4 Nd4 26. Bxd4 Bxd4+ 27. Rxd4 cxd4 28.
exf5 Re7 29. Ne6 Kh6 30. Qxd4 Kh7 31. Qd5 Kh8 32. f6 Rf7 33. Qd4 c5 34. Qd3 Qd7
35. Ng5 Rc7 36. Nh7 Rxh7 37. Qf5 Rh6 38. Re6 Qh7 39. Qe4 1-0

[Event "11th European Senior"]
[Site "Courmayeur ITA"]
[Date "2011.04.11"]
[Round "6.26"]
[White "Kratschmer, Heinz"]
[Black "Topaloglu, Hayati"]
[Result "1/2-1/2"]
[WhiteElo "2161"]
[BlackElo "1881"]
[WhiteFideId "1606670"]
[BlackFideId "6310338"]
[EventDate "2011.04.06"]

1. d4 d5 2. Nf3 Nf6 3. c4 e6 4. Nc3 c6 5. Bg5 Nbd7 6. e3 Bb4 7. Bd3 Qa5 8. Qc2
dxc4 9. Bxc4 Bxc3+ 10. Qxc3 Qxc3+ 11. bxc3 Ne4 12. Rc1 Nxg5 13. Nxg5 Nb6 14. Bb3
Bd7 15. O-O O-O 16. Ne4 Rfd8 17. c4 Rab8 18. f4 f5 19. Nc5 Bc8 20. h3 Kf7 21. g4
g6 22. Nd3 Nd7 23. g5 b6 24. Rfd1 Bb7 25. c5 Ke7 26. Kf2 Rbc8 27. h4 Ba6 28. Nb4
Bb7 29. Nd3 Ba6 30. Ne5 Nxe5 31. fxe5 Rf8 32. Kf3 Rc7 33. Rd2 Bb7 34. Kf4 b5 35.
Rh1 a5 36. a3 a4 37. Ba2 Bc8 38. h5 Ke8 39. hxg6 hxg6 40. Rdh2 Rg7 41. Rh7 Kf7
42. Kf3 Bd7 43. Ke2 Rb8 44. Rh8 Rxh8 45. Rxh8 Rg8 46. Rh7+ Rg7 47. Rh6 Rg8 48.
Kd3 Kg7 49. Kc3 Rf8 50. Rh4 Kg8 51. Bb1 Kg7 52. Rh6 Rh8 53. Rxh8 Kxh8 54. Kb4
Kg7 55. Ka5 Kf7 56. Kb6 Ke7 57. Kc7 Be8 58. Bc2 Bd7 59. Bd1 Be8 60. Be2 Bd7 61.
Bd3 Be8 62. Kb6 Kd8 63. Ka5 Kc7 64. Kb4 Kb7 65. Kc3 Bd7 66. Bb1 Kc7 67. Kd3 Kb7
68. Ba2 Kc7 69. e4 Kd8 70. Ke3 Ke7 71. Kf4 fxe4 72. Bb1 Be8 73. Bxe4 Kd7 74. Ke3
Kc7 75. Bc2 Kb7 76. Kd2 Ka6 77. Kc3 Ka5 78. Bb1 Bf7 79. Be4 Be8 1/2-1/2

[Event "11th European Senior"]
[Site "Courmayeur ITA"]
[Date "2011.04.11"]
[Round "6.27"]
[White "Bisignano, Giuseppe"]
[Black "Kierzek, Matthias, Dr."]
[Result "0-1"]
[WhiteElo "1938"]
[BlackElo "2135"]
[WhiteFideId "812358"]
[BlackFideId "4647009"]
[EventDate "2011.04.06"]

1. e4 c6 2. d4 d5 3. Nc3 dxe4 4. Nxe4 Bf5 5. Ng3 Bg6 6. Nf3 Nd7 7. Bd3 Qc7 8.
O-O e6 9. c4 O-O-O 10. Be3 Ngf6 11. Bxg6 hxg6 12. Qa4 Kb8 13. b4 Nb6 14. Qb3 Bd6
15. a4 Ng4 16. Bd2 Bf4 17. Bxf4 Qxf4 18. a5 Nd7 19. b5 c5 20. Ne2 Qf5 21. Rfd1
Rxh2 22. Nxh2 Qxf2+ 23. Kh1 Ne3 24. Nf4 Qxf4 25. Rd2 Rh8 26. g3 Qf3+ 27. Kg1
Qxg3+ 28. Kh1 Nf6 29. Qb1 Nfg4 30. Raa2 cxd4 31. c5 Qf4 32. Kg1 Rh3 33. b6 Qg3+
34. Kh1 Qf3+ 0-1

[Event "11th European Senior"]
[Site "Courmayeur ITA"]
[Date "2011.04.11"]
[Round "6.28"]
[White "Muratoglu, Salih"]
[Black "Cavatorta, Fosco"]
[Result "1-0"]
[WhiteElo "2076"]
[BlackElo "1914"]
[WhiteFideId "6300570"]
[BlackFideId "809195"]
[EventDate "2011.04.06"]

1. d4 d6 2. c4 e5 3. dxe5 dxe5 4. Qxd8+ Kxd8 5. Nc3 Be6 6. e4 c6 7. f4 f6 8.
fxe5 fxe5 9. Nf3 Bd6 10. Ng5 Ke7 11. Nxe6 Kxe6 12. g3 Nf6 13. Bh3+ Ke7 14. O-O
Na6 15. a3 Nc5 16. Bg5 a5 17. Rad1 a4 18. Bf5 Ra6 19. Rd2 Nb3 20. Rd3 Nd4 21.
Bg4 h6 22. Bxf6+ gxf6 23. Kg2 b5 24. cxb5 Nxb5 25. Rfd1 Nd4 26. R1d2 Rb8 27. Bd1
Rba8 28. g4 Bc7 29. Rh3 Ne6 30. Rxh6 Nf4+ 31. Kg3 Bd6 32. Rh7+ Ke6 33. g5 Rg8 1-0

[Event "11th European Senior"]
[Site "Courmayeur ITA"]
[Date "2011.04.11"]
[Round "6.29"]
[White "Smits, Oswald"]
[Black "Vrhovnik, Damir"]
[Result "0-1"]
[WhiteElo "1870"]
[BlackElo "2063"]
[WhiteFideId "24619892"]
[BlackFideId "14526956"]
[EventDate "2011.04.06"]

1. d4 Nf6 2. Nf3 c5 3. e3 g6 4. c3 Bg7 5. Bd3 O-O 6. dxc5 Qc7 7. O-O Qxc5 8. b3
Re8 9. Ba3 Qa5 10. Bb4 Qc7 11. Nd4 a6 12. Qd2 e5 13. Ne2 d5 14. Ba3 Nc6 15. Bb2
e4 16. Bc2 Ng4 17. Ng3 h5 18. h3 h4 19. hxg4 hxg3 20. Bd1 Be5 21. f4 exf3 22.
gxf3 Qe7 23. Kg2 Kg7 24. Rh1 Bxg4 25. fxg4 Rh8 26. Bf3 Rxh1 27. Kxh1 g2+ 28.
Kxg2 Rh8 29. Kf1 Rh2 30. Bg2 Bg3 31. c4+ d4 32. exd4 Qf6+ 33. Kg1 Bf4 34. d5 Ne5
35. Bxe5 Bxe5 36. g5 Qb6+ 37. Kf1 Bxa1 38. Nc3 Rh4 39. Ne4 Be5 40. d6 Rf4+ 41.
Ke1 Qg1+ 42. Ke2 Qxg2+ 43. Kd1 Qxe4 0-1

[Event "11th European Senior"]
[Site "Courmayeur ITA"]
[Date "2011.04.11"]
[Round "6.31"]
[White "Papa, Angelo"]
[Black "Belokopyt, Boris"]
[Result "1-0"]
[WhiteElo "1866"]
[BlackElo "2066"]
[WhiteFideId "812285"]
[BlackFideId "4152530"]
[EventDate "2011.04.06"]

1. d4 Nf6 2. Nf3 c5 3. e3 b6 4. Bd3 Bb7 5. O-O g6 6. b3 Bg7 7. Bb2 O-O 8. Nbd2
d6 9. Qe2 Nbd7 10. Rad1 Qc7 11. c4 e5 12. d5 a5 13. a4 Rae8 14. e4 Nh5 15. g3 f5
16. Ng5 fxe4 17. Ndxe4 Qb8 18. Ne6 Rf7 19. N4g5 Rfe7 20. Nxh7 Kxh7 21. Qxh5+ Kg8
22. Bxg6 Nf6 23. Qh4 Rxe6 24. dxe6 Rxe6 25. f4 Qc7 26. Bf5 Re8 27. Qh3 Kf8 28.
Be6 Qe7 29. fxe5 dxe5 30. Rd7 Qxe6 31. Qxe6 Rxe6 32. Rxb7 Kg8 33. Re1 e4 34.
Bxf6 Bxf6 35. Kf2 e3+ 36. Kf3 Bd4 37. Ke2 Rh6 38. Rh1 Rf6 39. Rf1 Rh6 40. h4 Re6
41. Rff7 Rg6 42. Rfd7 Bg7 43. Rxg7+ Rxg7 44. Rxg7+ Kxg7 45. Kxe3 Kf6 46. Kf4 1-0

[Event "11th European Senior"]
[Site "Courmayeur ITA"]
[Date "2011.04.11"]
[Round "6.32"]
[White "Pipitone, Antonio"]
[Black "Ortega Morales, Pedro"]
[Result "1/2-1/2"]
[WhiteElo "2012"]
[BlackElo "1848"]
[WhiteFideId "804541"]
[BlackFideId "2253429"]
[EventDate "2011.04.06"]

1. e4 e5 2. Nf3 Nc6 3. Bb5 Nf6 4. O-O Nxe4 5. d4 Nd6 6. Bxc6 dxc6 7. dxe5 Nf5 8.
Qxd8+ Kxd8 9. Rd1+ Ke8 10. Nc3 h6 11. b3 Be6 12. Bb2 Rd8 13. Rxd8+ Kxd8 14. Ne2
c5 15. Nf4 g5 16. Rd1+ Kc8 17. Nxe6 fxe6 18. g4 Ne7 19. c4 Ng6 20. Kf1 Be7 21.
Bc1 Rf8 22. Ke2 Nf4+ 23. Ke3 Rd8 24. Rxd8+ Kxd8 25. Ke4 Nh3 26. Be3 Ke8 27. Ne1
Kf7 28. Nd3 b6 29. f3 Kf8 1/2-1/2

[Event "11th European Senior"]
[Site "Courmayeur ITA"]
[Date "2011.04.11"]
[Round "6.34"]
[White "Beltrami, Nerio"]
[Black "Hlinschi, Mihai"]
[Result "1-0"]
[WhiteElo "1956"]
[BlackElo "1702"]
[WhiteFideId "816191"]
[BlackFideId "1206800"]
[EventDate "2011.04.06"]

1. e4 e5 2. Nf3 Nc6 3. Bb5 a6 4. Ba4 g6 5. O-O Bg7 6. c3 Nge7 7. d3 b5 8. Bc2 h6
9. Re1 O-O 10. Nbd2 d6 11. Nf1 Qe8 12. Ne3 f5 13. Bb3+ Kh7 14. Nd5 Nxd5 15. Bxd5
Rb8 16. d4 Ne7 17. dxe5 fxe4 18. Bxe4 dxe5 19. Be3 Bf5 20. Bc5 Rf7 21. Qc2 Rd8
22. Nh4 Bxe4 23. Qxe4 Rf4 24. Qxf4 exf4 25. Rxe7 Qc6 26. Bd4 Rxd4 27. cxd4 Qf6
28. Rae1 Qxh4 29. Rxc7 Qg4 30. h3 Qf5 31. Ree7 Qf6 32. Rxg7+ Qxg7 33. Rxg7+ Kxg7
34. Kf1 Kf6 35. Ke2 Kf5 36. Kf3 g5 37. g4+ fxg3 38. fxg3 a5 39. g4+ Ke6 40. Ke4
b4 41. b3 Kd6 42. d5 Kd7 43. Ke5 Ke7 44. d6+ Kd7 45. Kd5 Kd8 46. Ke6 Ke8 47. d7+
Kd8 48. Kf6 Kxd7 49. Kg6 Kc6 50. Kxh6 Kb5 51. Kxg5 a4 52. h4 axb3 53. axb3 Kc5
54. h5 Kd4 55. h6 Kc3 56. h7 Kxb3 57. h8=Q Ka2 1-0